digital processing of speech signals (Record no. 179440)

000 -LEADER
fixed length control field 00403nam a2200133Ia 4500
008 - FIXED-LENGTH DATA ELEMENTS--GENERAL INFORMATION
fixed length control field 220217s9999||||xx |||||||||||||| ||und||
020 ## - INTERNATIONAL STANDARD BOOK NUMBER
International Standard Book Number 978-81-317-0513-1
082 ## - DEWEY DECIMAL CLASSIFICATION NUMBER
Classification number 621.382 2 RAB
100 ## - MAIN ENTRY--PERSONAL NAME
Personal name Lawrence, Robines, R
9 (RLIN) 6693
245 #0 - TITLE STATEMENT
Title digital processing of speech signals
260 ## - PUBLICATION, DISTRIBUTION, ETC.
Place of publication, distribution, etc. Pearson education of asia
Name of publisher, distributor, etc. New Delhi
Date of publication, distribution, etc. 2010
300 ## - PHYSICAL DESCRIPTION
Extent 528p.
Other physical details 425
650 ## - SUBJECT ADDED ENTRY--TOPICAL TERM
Topical term or geographic name entry element SIGNAL PROCESSING
9 (RLIN) 719
Holdings
Withdrawn status Lost status Damaged status Not for loan Collection code Home library Current library Shelving location Date acquired Full call number Barcode Date last seen Price effective from Koha item type
        Electronics and Communication Engineering Central Library Central Library Book Cart 02/18/2022 621.382 2 RAB 14629 02/18/2022 02/18/2022 Books

Powered by Koha